| 000 | 01093nam a2200253 a 4500 | ||
|---|---|---|---|
| 001 | 74288 | ||
| 003 | BD-RjUL | ||
| 005 | 20211209082531.0 | ||
| 008 | 180529r20161946bg ||||| |||| 00| 0aben d | ||
| 035 | _a(BD-RjUL)74506 | ||
| 040 |
_aBD-RjUL _beng _cBD-RjUL |
||
| 041 | _aben | ||
| 082 |
_223 _a370.92 _bAHA 2016 |
||
| 100 | 1 |
_aআহছানউল্লা, খান বাহাদুর _9221501 |
|
| 245 | 1 | 0 |
_aআমার জীবন-ধারা / _cখান বাহাদুর আহছানউল্লা |
| 250 | _a১১ তম সংস্করণ | ||
| 260 |
_aসাতক্ষীরা : _bনলতা কেন্দ্রীয় আহছানিয়া মিশন , _c১৯৪৬ [মুদ্রন ২০১৬ ] |
||
| 300 |
_a১৬০ পৃ. ; _c২২ সেমি. |
||
| 600 |
_aআহছানউল্লা, খান বাহাদুর _9221505 |
||
| 600 |
_aAhsanullah, Khan bahadur _999265 |
||
| 650 |
_aশিক্ষাবিদ আত্মজীবনী _9221502 |
||
| 650 |
_aEducators _vAutobiography _9221503 |
||
| 942 |
_2ddc _cBK |
||
| 999 |
_c74288 _d74288 |
||